| 000 | 00495nam a22001577a 4500 | ||
|---|---|---|---|
| 020 | _qHBK. | ||
| 082 | _a658 | ||
| 100 | _aKhan, Raheel Ali | ||
| 245 |
_aCorporate Governance and Firms Performance: Evidence From Banking Sector of Pakistan _cRaheel Ali Khan. |
||
| 260 |
_aIslamabad: _bNBS - NUST, _c2014. |
||
| 300 |
_a41 p. : ill. ; _c30cm. |
||
| 650 |
_aMBA Thesis. _917629 |
||
| 700 |
_aMr. Fazli Azim. _917761 |
||
| 942 |
_2ddc _cTHE |
||
| 999 |
_c527647 _d527647 |
||